LIBRARY & INFORMATION CENTRE, KCAET, TAVANUR

ONLINE PUBLIC ACCESS CATALOGUE (OPAC)

Engineering Chemistry [Chemisry of Engineering Materials], (A Modern Approach) (Record no. 15449)

MARC details
000 -LEADER
fixed length control field 00424nam a22001457a 4500
020 ## - INTERNATIONAL STANDARD BOOK NUMBER
ISBN 9789352161317
082 ## - DEWEY DECIMAL CLASSIFICATION NUMBER
Classification number 540.0162
Item number JAI/EN
100 ## - MAIN ENTRY--AUTHOR NAME
Personal name Jain, P C .
245 ## - TITLE STATEMENT
Title Engineering Chemistry [Chemisry of Engineering Materials], (A Modern Approach)
250 ## - EDITION STATEMENT
Edition statement 16th ed.
260 ## - PUBLICATION, DISTRIBUTION, ETC. (IMPRINT)
Place of publication New delhi ;
Name of publisher Dhanpat Rai Publishing Co. Pvt. Ltd ,
Year of publication 2018 .
300 ## - PHYSICAL DESCRIPTION
Number of Pages 1404p.
700 ## - ADDED ENTRY--PERSONAL NAME
Personal name Jain ,monika
942 ## - ADDED ENTRY ELEMENTS (KOHA)
Koha item type Books
Holdings
Withdrawn status Lost status Damaged status Home library Current library Date acquired Cost, normal purchase price Full call number Accession Number Koha item type
      KAUAET KAUAET 05/06/2018 595.00 540.0162 JAI/EN 25638 Books
      KAUAET KAUAET 05/06/2018 595.00 540.0162 JAI/EN 25639 Books
free website counter